[Event "BL2-N9495"]
[Site "Germany"]
[Date "1995.??.??"]
[Round "?"]
[White "Geisler, Robert"]
[Black "Lieb, Harald"]
[Result "1/2-1/2"]
[WhiteElo "2215"]
[BlackElo "2255"]

1.d4 Nf6 2.c4 g6 3.Nc3 Bg7 4.e4 d6 5.Nf3 O-O 6.Be2 e5 7.d5 Na6 8.Be3 Ng4
9.Bg5 f6 10.Bh4 Qe8 11.Nd2 Nh6 12.Rb1 f5 13.b4 fxe4 14.Ndxe4 Nf5 15.Bg5 h6
16.Bd2 Qe7 17.O-O Nd4 18.Bd3 Bf5 19.Be3 Nb8 20.f3 Nd7 21.Qd2 Kh7 22.Kh1 Nf6
23.Ng3 Ng8 24.a4 Bd7 25.Rbe1 Nf5 26.Nxf5 gxf5 27.Nb5 Qd8 28.Qc2 a6 29.Nc3 Kh8
30.a5 Qf6 31.Ne2 Ne7 32.Ng3 Qh4 33.Bf2 Qg5 34.Be3 Qg6 35.f4 h5 36.Qf2 h4
37.Ne2 Qh5 38.Ng1 Ng6 39.Nh3 Rae8 40.Be2 Qh7 41.Bd2 Bf6  1/2-1/2

[Event "BL2-S9495"]
[Site "Germany"]
[Date "1995.??.??"]
[Round "?"]
[White "Dietz, Holger"]
[Black "Mandel, Andreas"]
[Result "1/2-1/2"]
[WhiteElo "2260"]
[BlackElo "2370"]

1.d4 Nf6 2.Nf3 g6 3.c4 Bg7 4.Nc3 O-O 5.e4 d6 6.Be2 e5 7.d5 a5 8.Bg5 Na6 9.O-O h6
10.Bh4 Qe8 11.Nd2 Bd7 12.Kh1 Nh7 13.Rb1 h5 14.f3 Bh6 15.b3 Be3 16.a3 Bc5
17.Qc1 Kg7 18.Na2 f5 19.exf5 Bxf5 20.Ne4 Bxe4 21.fxe4 Rxf1+ 22.Bxf1 Qf7 23.Qd2 Rf8
24.Bd3 Qf4 25.Qxf4 Rxf4 26.Bg3 Rf7 27.b4 axb4 28.axb4 Bf2 29.Rf1 Bxg3 30.Rxf7+ Kxf7
31.hxg3 Nf6 32.Kg1 Ke7 33.Kf2 Nb8 34.Ke3 Nbd7 35.Nc1 Kd8  1/2-1/2

[Event "Oberliga Nord N9495"]
[Site "Germany"]
[Date "1995.??.??"]
[Round "?"]
[White "Buhr, Carl Christian"]
[Black "Sommerfeld, Armin"]
[Result "1/2-1/2"]
[WhiteElo "2175"]
[BlackElo "2250"]

1.d4 Nf6 2.Nf3 g6 3.c4 Bg7 4.Nc3 O-O 5.e4 d6 6.Be2 Nbd7 7.O-O e5 8.Re1 Re8
9.Bf1 a5 10.Be3 c6 11.dxe5 dxe5 12.h3 Qc7 13.Qd2 Bf8 14.Rad1 Nc5 15.Bg5 Nfd7
16.g3 f6 17.Be3 Nb6 18.b3 Be6 19.Qc2 Na6 20.Nd2 Nd7 21.Qb2 Ndc5 22.Ndb1 Red8
23.a3 Rxd1 24.Rxd1 Rd8 25.Rxd8 Qxd8 26.Kh2 Be7 27.Qc2 Kg7 28.Nd2 Bf7 29.Ncb1 Ne6
30.Qc3 Nd4 31.Kg2 b6 32.Qb2 Bc5 33.Nc3 Qd6 34.Ndb1 Ne6 35.Na4 Bxe3 36.fxe3 Nac5
37.Nbc3 Ng5 38.Nxc5 Qxc5 39.h4 Ne6 40.Kf3 Qd6 41.b4 f5 42.c5  1/2-1/2

[Event "Landesliga N9596 Bayern"]
[Site "Germany"]
[Date "1995.??.??"]
[Round "?"]
[White "Sinkovics, Peter"]
[Black "Stiller, Juergen"]
[Result "1-0"]
[WhiteElo "2300"]
[BlackElo "2180"]

1.d4 Nf6 2.Nf3 g6 3.c4 Bg7 4.Nc3 d6 5.e4 O-O 6.Be2 e5 7.O-O exd4 8.Nxd4 Re8
9.f3 c6 10.Kh1 Nbd7 11.Bg5 h6 12.Bh4 Ne5 13.f4 Neg4 14.Qd3 Nxe4 15.Nxe4 Qxh4
16.Bxg4 Bxg4 17.Nxd6 Red8 18.c5 Qh5 19.Qc4 Rxd6 20.cxd6 Rd8 21.Rae1 Qd5 22.Qxd5 cxd5
23.Nf3 Bf6 24.Ne5 Bf5 25.d7 Bxd7 26.Nxd7 Rxd7 27.Re2 d4 28.Rc1 Kg7 29.g3 Be7
30.Rd2 g5 31.Rc4 Bf6 32.Kg2 g4 33.h3 h5 34.hxg4 hxg4 35.Kf2 Kg6 36.Rd1 Kf5
37.Re1 b6 38.b4 Bg7 39.Rec1 Ke4 40.Ke2 Bf8 41.R1c3 Rd6 42.Rd3 f5 43.Rc8 Be7
44.Rc7 Re6 45.a3 a5 46.bxa5 bxa5 47.Kd2 Bf6 48.Rb3 a4 49.Rd3 Bd8 50.Rc4 Ba5+
51.Kc2 Bb6 52.Rxa4 Rc6+ 53.Kd2 Rh6 54.Re3+ Kd5 55.Re5+ Kc6 56.Rxf5 Rh2+ 57.Kd3 Rg2
58.Rf6+ Kc5 59.Rxd4 Rxg3+ 60.Ke4 Ba7 61.Rd5+ Kc4 62.Rc6+ Kb3 63.Rd3+ Rxd3
64.Kxd3 g3 65.Rg6  1-0

[Event "BL2-W9495"]
[Site "Germany"]
[Date "1995.??.??"]
[Round "?"]
[White "Kos, Sebastian"]
[Black "Mueller, HG."]
[Result "0-1"]
[WhiteElo "2285"]
[BlackElo "2280"]

1.d4 Nf6 2.c4 g6 3.Nc3 Bg7 4.e4 d6 5.Nf3 O-O 6.Be2 e5 7.O-O exd4 8.Nxd4 Re8
9.f3 Nh5 10.g4 Nf6 11.Kh1 h5 12.g5 Nh7 13.Rg1 Nc6 14.Nxc6 bxc6 15.Be3 c5
16.Qd2 Bb7 17.Rgd1 Rb8 18.Rab1 Bxc3 19.bxc3 Bc6 20.Bd3 Qe7 21.Re1 Nf8 22.Kg1 Rxb1
23.Bxb1 Qe6 24.Bd3 Nd7 25.Bf4 Bb7 26.Bg3 Ne5 27.Bxe5 dxe5 28.Qe3 Rd8 29.Be2 Qb6
30.Kf2 Ba6 31.Kf1 Qa5 32.Kf2 Qa3 33.h4 Rd6 34.Kg2 Qxa2 35.Qxc5 Rd2  0-1

[Event "BL2-W9495"]
[Site "Germany"]
[Date "1995.??.??"]
[Round "?"]
[White "Kalka, Arkadius Georg"]
[Black "Bosboom, Manuel"]
[Result "0-1"]
[WhiteElo "2325"]
[BlackElo "2380"]

1.d4 Nf6 2.c4 g6 3.Nc3 Bg7 4.e4 d6 5.Be2 O-O 6.Nf3 e5 7.O-O exd4 8.Nxd4 Re8
9.f3 c6 10.Kh1 Nbd7 11.Bf4 Ne5 12.Qd2 a5 13.Rad1 a4 14.Bh6 Bxh6 15.Qxh6 Qb6
16.Rd2 Qc5 17.b3 axb3 18.axb3 b5 19.Qh4 Kg7 20.f4 Ned7 21.e5 dxe5 22.fxe5 Rxe5
23.cxb5 Qxc3 24.Rd3 Qb2 25.bxc6 Ra1 26.cxd7 Rxf1+ 27.Bxf1 Bxd7 28.Nf3 Qb1
29.Kg1 Re4 30.Qg5 Qa1 31.Rd6 Be6 32.Nd2 Re1 33.Qf4 Qa7+ 34.Qd4 Qxd4+ 35.Rxd4 Rd1
36.h3 h5 37.b4 Nd5 38.b5 Ne3 39.Kf2 Nxf1 40.Rb4 Nxd2 41.Ke2 Rb1 42.Rd4 Nc4  0-1

[Event "Hessenliga"]
[Site "Germany"]
[Date "1995.??.??"]
[Round "?"]
[White "Bandza, Algirdas"]
[Black "Mueller, Achim"]
[Result "1/2-1/2"]
[WhiteElo "2400"]
[BlackElo "2240"]

1.d4 Nf6 2.c4 g6 3.Nc3 Bg7 4.e4 d6 5.Be2 O-O 6.Nf3 e5 7.dxe5 dxe5 8.Qxd8 Rxd8
9.Nd5 Nxd5 10.cxd5 Bg4 11.Bg5 f6 12.Be3 Bf8 13.O-O Bd6 14.h3 Bxf3 15.Bxf3 f5
16.Bg5 Rf8 17.Bh6 Rf6 18.Bg5 Rf8 19.Bh6 Rf6 20.Rac1 Na6 21.Be3 b6 22.Bg5 Rff8
23.Bh6 Rf6 24.Bg5 Rff8 25.Bh6 Rf6 26.Rc4 Nc5 27.Bg5 Rff8 28.Bh6 Rf6 29.Bg5 Rff8
30.Bh6 Rf6 31.Bg5  1/2-1/2

[Event "BL9495 (Women)"]
[Site "Germany"]
[Date "1995.??.??"]
[Round "202"]
[White "Olbrich, Marina"]
[Black "Beltz, Martina"]
[Result "1-0"]
[WhiteElo "2280"]
[BlackElo "2195"]

1.d4 Nf6 2.Nf3 d6 3.c4 g6 4.Nc3 Bg7 5.e4 O-O 6.Be2 Nbd7 7.O-O e5 8.Re1 exd4
9.Nxd4 Nc5 10.f3 a5 11.Be3 Re8 12.Qd2 Nh5 13.Ndb5 Ne6 14.Nd5 Bd7 15.Rad1 Bc6
16.f4 Nf6 17.Bf3 Nxd5 18.exd5 Bxb5 19.dxe6 Bxc4 20.exf7+ Bxf7 21.Bxb7 Rb8
22.Bd5 Bxb2 23.Bxf7+ Kxf7 24.f5 Qh4 25.Bf2 Qc4 26.Rxe8 Rxe8 27.fxg6+ hxg6
28.Qxb2 a4 29.Rc1 Re2 30.Rxc4 Rxb2 31.Rxc7+ Ke6 32.Bg3 Rxa2 33.Rc6 Rd2 34.Ra6 Rd4
35.Kf2 Rd2+ 36.Kf3 Rd3+ 37.Ke2 Ra3 38.Rxd6+ Kf5 39.Ra6 Ra2+ 40.Kf1 Ra1+ 41.Be1 g5
42.Ke2 Ra2+ 43.Bd2 g4 44.Kd3 Ra1 45.Ke2 a3 46.Ke3 a2 47.Rf6+  1-0

[Event "NRW-Liga I 9495"]
[Site "Germany"]
[Date "1995.??.??"]
[Round "?"]
[White "Stoeber, Michael"]
[Black "Dueball, Juergen"]
[Result "0-1"]
[WhiteElo "2255"]
[BlackElo "2390"]

1.d4 Nf6 2.c4 g6 3.Nc3 Bg7 4.e4 d6 5.Nf3 O-O 6.Be2 e5 7.O-O Nbd7 8.Be3 Ng4
9.Bg5 f6 10.Bh4 Nh6 11.d5 g5 12.Bg3 f5 13.exf5 Nxf5 14.Ne4 h6 15.Nfd2 Nf6
16.Rc1 Nd4 17.Bd3 Bf5 18.Nxf6+ Qxf6 19.Bxf5 Qxf5 20.Re1 g4 21.Ne4 Bf6 22.c5 Bg5
23.Rc3 Rad8 24.cxd6 cxd6 25.h4 Bf4 26.Qa4 h5 27.Kh2 Qf7 28.Qa5 Rd7 29.Rc4 b6
30.Qc3 Qxd5 31.Rc8 Qf7 32.Bxf4 Qxf4+ 33.Kg1 Rf7 34.Rxf8+ Rxf8 35.Qc4+ Kg7
36.Qd5 g3 37.fxg3 Ne2+ 38.Kh2 Nxg3 39.Nxg3 Qxh4+ 40.Kg1 Qxg3 41.Re2 Qf4 42.Rc2 Qd4+
43.Qxd4 exd4 44.Rc4 Kf6 45.Rxd4 Ke5 46.Ra4 Rf7 47.Rh4 Rf5 48.Ra4 a5 49.Ra3 Kd4
50.Kh2 Rb5 51.Rh3 Rg5 52.Rc3 d5 53.Rb3 Ke4 54.Rxb6 d4 55.Kg1 Rf5 56.Re6+ Kd3
57.b3 Kd2  0-1

[Event "Landesliga N9495 Bayern"]
[Site "Germany"]
[Date "1995.??.??"]
[Round "1"]
[White "Straschewski, Joerg"]
[Black "Siepelt, Heiner"]
[Result "0-1"]
[WhiteElo "1970"]
[BlackElo "2390"]

1.d4 d6 2.e4 g6 3.c4 Bg7 4.Be2 Nf6 5.Nc3 O-O 6.Be3 e5 7.Nf3 Ng4 8.Bg5 f6
9.Bh4 g5 10.Bg3 Nh6 11.h3 Nc6 12.d5 Nd4 13.Nxd4 exd4 14.Qxd4 f5 15.Qd3 f4
16.Bh2 Nf7 17.h4 Ne5 18.Qd2 h6 19.f3 c5 20.Nb5 a6 21.Nc3 Rf7 22.O-O-O Bd7
23.hxg5 hxg5 24.g3 Qf6 25.gxf4 gxf4 26.Rdg1 b5 27.cxb5 axb5 28.Kb1 b4 29.Nd1 Ba4
30.b3 Bxb3 31.Rxg7+ Kxg7 32.axb3 Nc4  0-1

[Event "Landesliga S9495 Bayern"]
[Site "Germany"]
[Date "1995.??.??"]
[Round "1"]
[White "Reilein, Christian"]
[Black "Riedel, Wolfgang"]
[Result "0-1"]
[WhiteElo "2315"]
[BlackElo "2310"]

1.d4 Nf6 2.Nf3 g6 3.c4 Bg7 4.Nc3 O-O 5.e4 d6 6.Be2 e5 7.dxe5 dxe5 8.Qxd8 Rxd8
9.Bg5 Nbd7 10.O-O-O Rf8 11.Ne1 Nc5 12.f3 c6 13.Nc2 Ne6 14.Be3 c5 15.Rd6 Nd4
16.Bg5 Ne8 17.Rd8 Bf6 18.Bxf6 Nxf6 19.Rxf8+ Kxf8 20.Bd3 Ne8 21.Rf1 Kg7 22.Nd5 Be6
23.Kd2 Bxd5 24.cxd5 Nd6 25.Rc1 Rc8 26.b4 Nxc2 27.bxc5 Rxc5 28.Rxc2 Rxc2+
29.Kxc2 f5 30.exf5 gxf5 31.Kd2 h6 32.Ke3 Kf6 33.g4 fxg4 34.fxg4 Kg5 35.Kf3 Kh4
36.Bf1 b5 37.h3 a5 38.a3 b4 39.axb4 axb4 40.Kg2 b3 41.Bd3 b2 42.Bb1 Nc4 43.Bd3 Ne3+
44.Kf3 Nxd5 45.Ke4 Nf4 46.Bc2 Kxh3 47.Kf5 Kh4 48.Kxe5 Kxg4 49.Kd4 h5 50.Kc3 h4
51.Kxb2 h3 52.Kc3 Kg3 53.Be4 Ng2  0-1

[Event "Mittelfranken-ch"]
[Site "Germany"]
[Date "1995.??.??"]
[Round "1"]
[White "Goetz, Andreas"]
[Black "Panzer, Bernhard"]
[Result "1/2-1/2"]
[WhiteElo "2110"]
[BlackElo "1900"]

1.Nf3 Nf6 2.d4 g6 3.c4 Bg7 4.Nc3 O-O 5.e4 d6 6.Be2 e5 7.Be3 Nc6 8.O-O Bd7
9.dxe5 Nxe5 10.c5 Bc6 11.cxd6 cxd6 12.Qc2 Rc8 13.Nxe5 dxe5 14.f3 a6 15.a4 Nh5
16.Rfd1 Qe7 17.Rab1 Nf4 18.b4 Rfd8 19.Rxd8+ Qxd8 20.Rd1 Qg5 21.Bxf4 exf4
22.Qb3 Bxc3 23.Qxc3 Bd7 24.Qb3 Be6  1/2-1/2

[Event "Landesliga S9495 Bayern"]
[Site "Germany"]
[Date "1995.??.??"]
[Round "3"]
[White "Schoenbauer, Max"]
[Black "Zahn, Wolfgang"]
[Result "0-1"]
[WhiteElo "2090"]
[BlackElo "2225"]

1.d4 Nf6 2.c4 g6 3.Nc3 Bg7 4.e4 d6 5.Be2 O-O 6.Nf3 e5 7.dxe5 dxe5 8.Bg5 Nbd7
9.Qd2 c6 10.O-O Qc7 11.Bh6 Nc5 12.Bxg7 Kxg7 13.Qe3 b6 14.Rfd1 h6 15.h3 Ne6
16.Bf1 Bb7 17.Rd2 Rad8 18.Rad1 Rxd2 19.Rxd2 Nd7 20.b4 a6 21.Qd3 Rd8 22.Qd6 Qxd6
23.Rxd6 Kf8 24.a3 Ke7 25.Rd2 f6 26.Be2 Ndf8 27.Rxd8 Kxd8 28.Ne1 Nd4 29.Bd1 Kc7
30.Nd3 Nd7 31.f3 a5 32.Kf2 Ba6 33.Nb2 Nf8 34.Ke3 Nfe6 35.g3 g5 36.Ba4 h5
37.b5 Bb7 38.Bd1 h4 39.gxh4 gxh4 40.Nd3 Ng5 41.Nf2 cxb5 42.f4 Nge6 43.fxe5 fxe5
44.cxb5 Ng5 45.a4 Bc8 46.Nd5+ Kb7 47.Ne7 Nxh3 48.Nxc8 Nxf2 49.Nd6+ Kc7 50.Ne8+ Kd8
51.Bh5 Ng4+ 52.Bxg4 Kxe8 53.Kd3 Ke7 54.Kc4 Kd6 55.Kd3 Ne6 56.Ke3 Nf4  0-1

[Event "Landesliga S9495 Bayern"]
[Site "Germany"]
[Date "1995.??.??"]
[Round "4"]
[White "Sailer, Wolfgang"]
[Black "Awenius, Andreas"]
[Result "0-1"]
[WhiteElo "2115"]
[BlackElo "2180"]

1.d4 Nf6 2.Nf3 g6 3.c4 Bg7 4.Nc3 O-O 5.e4 d6 6.Be2 Nbd7 7.O-O e5 8.Re1 c6
9.Bf1 a5 10.Rb1 Re8 11.d5 Nc5 12.b3 cxd5 13.cxd5 Bd7 14.Ba3 Rc8 15.Nd2 Rf8
16.Rc1 Ne8 17.Nb5 b6 18.Bc4 Ra8 19.Qe2 Bh6 20.Rc3 f5 21.f3 Rf7 22.Bc1 Bf8
23.exf5 gxf5 24.f4 exf4 25.Nd4 Qf6 26.N2f3 Re7 27.Qf1 Re4 28.Rd1 Ng7 29.Rc2 Rae8
30.Ne2 Nh5 31.Nfd4 Qh4 32.Nf3 Qg4 33.Bb2 b5 34.h3 Qg6 35.Nh4 Qg5 36.Nf3 Qe7
37.Nc3 bxc4 38.Nxe4 fxe4 39.Nd4 cxb3 40.axb3 Qg5 41.Qe1 a4 42.b4 Nd3 43.Qc3 Rc8
44.Rxd3 Rxc3 45.Rdxc3 Qxd5 46.Rc7 a3 47.Ba1 Ba4 48.Rc1 Ng3 49.Ra7 Be8 50.Kh2 Nh5
51.Rc8 Ng7 52.b5 Qg5 53.Rxa3 Bxb5 54.Raa8 Be8 55.Rxe8 Nxe8 56.Bc3 Qg3+ 57.Kh1 Qxc3  0-1

[Event "Landesliga S9495 Bayern"]
[Site "Germany"]
[Date "1995.??.??"]
[Round "5"]
[White "Straub, Juergen"]
[Black "Hock, Martin"]
[Result "1-0"]
[WhiteElo "2145"]
[BlackElo "2090"]

1.d4 Nf6 2.c4 g6 3.Nc3 Bg7 4.e4 d6 5.Nf3 O-O 6.Be2 e5 7.Bg5 h6 8.Bh4 Nbd7
9.O-O c6 10.Re1 Re8 11.d5 c5 12.a3 Nf8 13.b4 b6 14.Rb1 g5 15.Bg3 Ng6 16.Nd2 Nf4
17.Nf1 Kh8 18.Ne3 Bd7 19.bxc5 bxc5 20.Qc2 Qc7 21.Nb5 Bxb5 22.cxb5 Nd7 23.Bg4 h5
24.Bxd7 Qxd7 25.Nc4 h4 26.Bxf4 exf4 27.Qd3 g4 28.h3 g3 29.f3 Bd4+ 30.Kf1 Rab8
31.Na5 Bf2 32.Re2 a6 33.b6 f5 34.Nc6 fxe4 35.Rxe4 Rxe4 36.Qxe4 Re8 37.Qxe8+ Qxe8
38.b7  1-0

[Event "GRE-ch94"]
[Site "Glyfada"]
[Date "1995.??.??"]
[Round "1"]
[White "Grivas, Efstratios"]
[Black "Kotronias, Vasilios"]
[Result "0-1"]
[WhiteElo "2460"]
[BlackElo "2570"]

1.d4 Nf6 2.Nf3 g6 3.c4 Bg7 4.Nc3 O-O 5.e4 d6 6.Be2 e5 7.d5 a5 8.h3 Na6 9.Bg5 Nc5
10.Nd2 Bd7 11.O-O h6 12.Be3 Nh7 13.Nb3 b6 14.Nxc5 bxc5 15.Qd2 h5 16.a3 a4
17.b4 axb3 18.Rfb1 f5 19.f3 f4 20.Bf2 g5 21.Qd1 Qc8 22.Rxb3 Nf6 23.a4 Kf7
24.a5 Bh6 25.Kf1 g4 26.hxg4 hxg4 27.Bd3 Bg5 28.Ke2 Rh8 29.Bg1 Rh1 30.Kd2 Bh4
31.Qe2 Nh7 32.Rbb1 Ng5 33.Bf2 Rh2 34.Bxh4 gxf3 35.Qf2 Rxg2 36.Qxg2 fxg2 37.Bxg5 Qh8
38.Rg1 Qh2 39.Be2 Rxa5 40.Rab1 Qg3  0-1

[Event "GRE-ch94"]
[Site "Glyfada"]
[Date "1995.??.??"]
[Round "4"]
[White "Kalesis, Nikolaos"]
[Black "Mastrokoukos, Georgios"]
[Result "1/2-1/2"]
[WhiteElo "2410"]
[BlackElo "2425"]

1.d4 Nf6 2.Nf3 g6 3.c4 Bg7 4.Nc3 O-O 5.e4 d6 6.Be2 e5 7.d5 Nbd7 8.O-O Nc5
9.Qc2 a5 10.Bg5 h6 11.Bh4 g5 12.Bg3 Nh5  1/2-1/2

[Event "GRE-ch94"]
[Site "Glyfada"]
[Date "1995.??.??"]
[Round "7"]
[White "Grivas, Efstratios"]
[Black "Nikolaidis, Ioannis"]
[Result "1/2-1/2"]
[WhiteElo "2460"]
[BlackElo "2495"]

1.c4 g6 2.d4 Bg7 3.e4 d6 4.Nc3 Nf6 5.Be2 O-O 6.Nf3 e5 7.d5 a5 8.h3 Na6 9.Bg5 Nc5
10.Nd2 c6 11.O-O h6 12.Be3 Nfd7 13.g4 Qe7 14.Kg2 Kh8 15.Rh1 f5 16.f3 Nf6
17.b3 Ng8 18.Qe1 h5 19.h4 fxg4 20.fxg4 Bxg4 21.Bxg4 hxg4 22.Bg5 Qf7 23.Qg3 Nd3
24.Raf1 Nf4+ 25.Kh2 Qd7 26.Rhg1 Nh6 27.Qe3 Kh7 28.Kh1 Nh5 29.Ne2 g3 30.Rg2 Ng4
31.Qc3 Nf2+ 32.Kg1 Nh3+ 33.Kh1 Rxf1+ 34.Nxf1 N3f4 35.Nfxg3 Nxg2 36.Nxh5 gxh5
37.Kxg2 cxd5 38.exd5 Qg4+ 39.Ng3 e4 40.Qe3 Re8 41.c5 Bf8 42.Qf2 Qf3+ 43.Qxf3 exf3+
44.Kxf3 Kg6 45.Ne4 Re5 46.c6 bxc6 47.dxc6 d5 48.Nc3 d4 49.c7 Rc5 50.Nb5 Kf7
51.Bd2 Ke6 52.Bxa5 Kd7 53.Na7 Rxc7 54.Bxc7 Kxc7 55.Nb5+ Kc6 56.Nxd4+ Kd5
57.Nf5 Ke5 58.Ng3 Be7 59.Nxh5 Bxh4 60.Ng3 Kd5 61.Nf5 Bg5 62.Ke2 Ke4 63.Nd6+ Kd5
64.Nc4 Kd4 65.Nd6 Bf4 66.Nb5+ Kc5 67.Nc3 Kd4 68.Nd1 Bc1 69.a4 Bf4 70.a5 Bc7
71.a6 Bb8 72.Kd2 Kc5 73.Kd3 Kb6 74.Kc4 Kxa6 75.b4 Be5 76.Ne3 Kb7 77.Nd5 Bg3
78.Nc3 Be5 79.b5  1/2-1/2

[Event "Goch op 6th"]
[Site "Goch"]
[Date "1995.??.??"]
[Round "3"]
[White "Schebler, Gerhard"]
[Black "De Gleria, Francesco"]
[Result "1-0"]
[WhiteElo "2415"]
[BlackElo "2140"]

1.d4 Nf6 2.Nf3 g6 3.c4 Bg7 4.Nc3 d6 5.e4 O-O 6.Be2 e5 7.d5 a5 8.h3 Na6 9.Bg5 h6
10.Be3 Nd7 11.g4 Ndc5 12.Rg1 Kh7 13.Qd2 a4 14.h4 Bd7 15.h5 g5 16.Nh2 Bf6
17.Kf1 Be7 18.Kg2 c6 19.f3 Qa5 20.Rgd1 Nc7 21.Nf1 cxd5 22.exd5 N7a6 23.Ng3 a3
24.b3 f5 25.gxf5 Bxf5 26.Bxc5 Nxc5 27.b4 Qxb4 28.Nxf5 Rxf5 29.Rab1 Qa5 30.Bd3 e4
31.Nxe4 Qxd2+ 32.Rxd2 Nxd3 33.Rxd3 Raf8 34.Rxb7 R8f7 35.Nf2 Kg7 36.Rxa3 Re5
37.Ng4 Re2+ 38.Kg3 Rf4 39.c5 Rf7 40.c6 Rc2 41.Raa7  1-0

[Event "Goch op 6th"]
[Site "Goch"]
[Date "1995.??.??"]
[Round "5"]
[White "Schebler, Gerhard"]
[Black "Polzin, Rainer"]
[Result "1-0"]
[WhiteElo "2415"]
[BlackElo "2410"]

1.d4 g6 2.c4 Bg7 3.Nc3 d6 4.e4 Nf6 5.Nf3 O-O 6.Be2 Na6 7.O-O e5 8.Be3 Ng4
9.Bg5 Qe8 10.dxe5 dxe5 11.h3 h6 12.Bc1 Nf6 13.Be3 Nh5 14.Re1 Nf4 15.Bf1 g5
16.Nd2 Qc6 17.c5 Qg6 18.Nc4 Kh8 19.Nd5 Be6 20.c6 bxc6 21.Ne7 Qf6 22.Qa4 Nb8
23.Qb4 Nd7 24.Nxc6 Bxh3 25.N4a5 Be6 26.Rad1 Rg8 27.Bc4 Bf8 28.Qc3 Bd6 29.Nb7 Bxc4
30.Qxc4 Rg6 31.Rd2 g4 32.g3 Nh3+ 33.Kh2 Ng5 34.Bxg5 Rxg5 35.Re3 Nf8 36.Nxd6 cxd6
37.Qb4 Ne6 38.Qxd6 h5 39.Qe7 Qh6 40.Kg2 Rf8 41.Nd8 Nxd8 42.Rxd8 Rxd8 43.Qxd8+ Rg8
44.Qe7 f6 45.Qxa7 h4 46.gxh4 Qxh4 47.Qb7 Rd8 48.Rc3 Qh6 49.a4 Rg8 50.Qd5 g3
51.fxg3 Qh5 52.Qd2 Qg5 53.Qd7 Qg6  1-0

[Event "Goch op 6th"]
[Site "Goch"]
[Date "1995.??.??"]
[Round "7"]
[White "Schebler, Gerhard"]
[Black "Senff, Martin"]
[Result "1/2-1/2"]
[WhiteElo "2415"]
[BlackElo "2225"]

1.d4 Nf6 2.Nf3 g6 3.c4 Bg7 4.Nc3 O-O 5.e4 d6 6.Be2 e5 7.d5 c5 8.h3 Ne8 9.g4 f5
10.gxf5 gxf5 11.Bg5 Nf6 12.exf5 Bxf5 13.Nh4 Qd7 14.Rg1 Kh8 15.Bg4 Nxg4 16.hxg4 Bg6
17.Nxg6+ hxg6 18.Ne4 Kg8 19.Qd3 Na6 20.O-O-O b5 21.Qh3 bxc4 22.Rh1 Kf7 23.Qc3 Kg8
24.Rh4 Qa4 25.Rdh1 Nb4 26.Kd2 Nxd5 27.Qc2  1/2-1/2

[Event "Graz op"]
[Site "Graz"]
[Date "1995.??.??"]
[Round "4"]
[White "Kumaran, Dharshan"]
[Black "Nikolaidis, Ioannis"]
[Result "1-0"]
[WhiteElo "2500"]
[BlackElo "2540"]

1.d4 Nf6 2.c4 g6 3.Nc3 Bg7 4.e4 O-O 5.Nf3 d6 6.Be2 e5 7.d5 Nbd7 8.Bg5 h6
9.Bh4 g5 10.Bg3 Nh5 11.h4 g4 12.Nh2 Nxg3 13.fxg3 h5 14.O-O a5 15.Bd3 Nc5
16.Bc2 Bd7 17.Qe2 Qc8 18.Qe3 f5 19.exf5 Bxf5 20.Bxf5 Rxf5 21.Ne4 Na6 22.Qd3 Qd7
23.Ng5 Raf8 24.Ne6 Rxf1+ 25.Nxf1 Rf6 26.Nd2 Nb4 27.Qb3 b5 28.Ne4 Rxe6 29.dxe6 Qxe6
30.cxb5 Qxb3 31.axb3 d5 32.Ng5 e4 33.Kf1 Bd4 34.Ne6 Bb6 35.Rd1 Kf7 36.Nf4 d4
37.Re1 e3 38.Ke2 Ke7 39.Nd3 Nd5 40.Rf1 Nf6 41.Rf5 Ke6 42.Rg5 Kf7 43.Re5 Kf8
44.Nf4 Nd7 45.Rxh5 Nc5 46.Rxc5  1-0

[Event "Graz op"]
[Site "Graz"]
[Date "1995.??.??"]
[Round "6"]
[White "Wells, Peter K"]
[Black "Freitag, Manfred"]
[Result "1-0"]
[WhiteElo "2545"]
[BlackElo "2295"]

1.d4 Nf6 2.c4 g6 3.Nc3 Bg7 4.e4 d6 5.Nf3 O-O 6.Be2 e5 7.Be3 exd4 8.Nxd4 Re8
9.f3 c6 10.Bf2 d5 11.exd5 cxd5 12.c5 Nh5 13.Qd2 Nc6 14.O-O Be5 15.g3 Bh3
16.Rfd1 Qd7 17.Ndb5 Rad8 18.Qxd5 Qxd5 19.Rxd5 Rxd5 20.Nxd5 Bxb2 21.Re1 Re5
22.Ndc3 Nf6 23.Rb1 Bxc3 24.Nxc3 Nd5 25.Ne4 Re7 26.Bc4 Ndb4 27.g4 h6 28.Bh4 g5
29.Bg3 Nc2 30.Bd6 Rxe4 31.fxe4 Na3 32.Bxf7+ Kxf7 33.Rxb7+ Ke6 34.Rb3 Bxg4
35.Rxa3 Be2 36.Kf2 Bc4 37.Rh3  1-0

[Event "Graz op"]
[Site "Graz"]
[Date "1995.??.??"]
[Round "7"]
[White "Danner, Georg"]
[Black "Baumegger, Siegfried"]
[Result "0-1"]
[WhiteElo "2415"]
[BlackElo "2235"]

1.d4 Nf6 2.Nf3 g6 3.c4 Bg7 4.Nc3 O-O 5.e4 d6 6.Be2 e5 7.d5 Nbd7 8.Bg5 h6
9.Bh4 g5 10.Bg3 Nh5 11.h4 g4 12.Nd2 f5 13.exf5 Ndf6 14.Nf1 Bxf5 15.Ne3 Qd7
16.O-O Nf4 17.Re1 h5 18.Bxf4 exf4 19.Nxf5 Qxf5 20.Bd3 Qd7 21.Bg6 g3 22.f3 Qd8
23.Qe2 Ng4 24.Qe6+ Kh8 25.Bxh5 Ne3 26.Rxe3 fxe3 27.Qg4 Bxc3 28.bxc3 Qf6 29.Qxg3 Qxc3
30.Qe1 Qe5 31.Bg6 Rg8 32.Be4 Rg3 33.Rc1 Rag8 34.Rc2 Qf4 35.c5 dxc5 36.Qc3+ R8g7
37.Qxc5 Rh3 38.d6 Qxh4 39.Kf1 Rh1+ 40.Ke2 Qf2+ 41.Kd3 Rd1+ 42.Kc3 Qe1+ 43.Kb2 Rg5
44.Qc3+ Qxc3+ 45.Rxc3 Rxg2+ 46.Kb3 e2 47.dxc7 Rg8 48.c8=Q Rxc8 49.Rxc8+ Kg7
50.Bc2 e1=Q  0-1

[Event "Groningen op"]
[Site "Groningen"]
[Date "1995.??.??"]
[Round "?"]
[White "Shipov, Sergei"]
[Black "Degraeve, Jean Marc"]
[Result "1/2-1/2"]
[WhiteElo "2510"]
[BlackElo "2410"]

1.d4 Nf6 2.c4 g6 3.Nc3 Bg7 4.e4 d6 5.Be2 O-O 6.Nf3 e5 7.Be3 c6 8.d5 Ng4 9.Bg5 f6
10.Bh4 Na6 11.Nd2 Nh6 12.O-O Nf7 13.Rb1 h5 14.f3 Bh6 15.dxc6 bxc6 16.Bf2 Nc5
17.b4 Ne6 18.Nb3 Nf4 19.Na5 Bd7 20.c5 f5 21.Kh1 h4 22.Bc4 fxe4 23.Qxd6 Qg5
24.Rg1 exf3 25.gxf3 Qh5 26.Rg4 Bxg4 27.fxg4 Qxg4 28.Qxc6 Rae8 29.Rg1 Qf5
30.Ne4 Re6 31.Bxe6 Nxe6 32.Bxh4 Qf3+ 33.Rg2 Qf1+ 34.Rg1 Qf3+ 35.Rg2 Nfd8
36.Bxd8 Qf1+ 37.Rg1 Qf3+ 38.Rg2 Qf1+  1/2-1/2

[Event "Groningen op"]
[Site "Groningen"]
[Date "1995.??.??"]
[Round "?"]
[White "Hofman, Ron"]
[Black "Lorscheid, Gerhard"]
[Result "0-1"]
[WhiteElo "2245"]
[BlackElo "2305"]

1.d4 Nf6 2.c4 g6 3.Nc3 Bg7 4.e4 d6 5.Be2 O-O 6.Nf3 e5 7.O-O exd4 8.Nxd4 Re8
9.Bf3 Nbd7 10.Re1 c6 11.Nc2 Nb6 12.b3 Ng4 13.Bb2 Qh4 14.Bxg4 Bxg4 15.Qd3 Nd7
16.f3 Be6 17.Nd1 Ne5 18.Qf1 f5 19.Rb1 Bh6 20.Nd4 Bd7 21.g3 Qh5 22.exf5 Bxf5
23.Ra1 Bh3 24.Qe2 Nxf3+  0-1

[Event "Groningen op"]
[Site "Groningen"]
[Date "1995.??.??"]
[Round "?"]
[White "Donk, Merlijn Silvester"]
[Black "Wiersma, Eelke"]
[Result "1/2-1/2"]
[WhiteElo "2365"]
[BlackElo "2280"]

1.d4 Nf6 2.c4 g6 3.Nc3 Bg7 4.e4 d6 5.Be2 O-O 6.Nf3 Na6 7.O-O e5 8.Re1 Qe8
9.Bf1 Bg4 10.d5 Nb4 11.Qb3 a5 12.Nd2 Nd7 13.Na4 Na6 14.f3 Ndc5 15.Nxc5 Nxc5
16.Qc2 Bd7 17.Nb3 Nxb3 18.Qxb3 Qe7 19.Be3 b6 20.Qc2 f5 21.b3 fxe4 22.fxe4 Rf7
23.Bd3 Raf8 24.Rf1 Qh4 25.Rxf7 Rxf7 26.Qd2 Rf8  1/2-1/2

[Event "Groningen op"]
[Site "Groningen"]
[Date "1995.??.??"]
[Round "?"]
[White "Kiriakov, Petr"]
[Black "Poldauf, Dirk"]
[Result "1-0"]
[WhiteElo "2495"]
[BlackElo "2415"]

1.d4 Nf6 2.c4 g6 3.Nc3 Bg7 4.e4 d6 5.Nf3 O-O 6.Be2 e5 7.O-O Na6 8.Be3 Ng4
9.Bg5 Qe8 10.h3 h6 11.Bc1 Nf6 12.dxe5 dxe5 13.Be3 Nh5 14.Re1 Nf4 15.Bf1 Ne6
16.Qd2 Kh7 17.Rad1 b6 18.a3 Bb7 19.b4 f5 20.Qc2 f4 21.Bc1 Nd4 22.Nxd4 exd4
23.Nb5 Rd8 24.e5 Bxe5 25.Nxd4 c5 26.Nb5 Rxd1 27.Qxd1 Qe6 28.Bb2 Rf5 29.Qd8 f3
30.g3 Rg5 31.Bxe5 Rxe5 32.Rd1 Bc8 33.Nc7 Qf5 34.Nxa6 Be6 35.Nc7 Bf7 36.Nb5 Qc2
37.Rd7  1-0

[Event "Groningen op"]
[Site "Groningen"]
[Date "1995.??.??"]
[Round "?"]
[White "Shipov, Sergei"]
[Black "Poldauf, Dirk"]
[Result "1-0"]
[WhiteElo "2510"]
[BlackElo "2415"]

1.d4 Nf6 2.c4 g6 3.Nc3 Bg7 4.e4 d6 5.Nf3 O-O 6.Be2 e5 7.Be3 Na6 8.O-O Ng4
9.Bg5 Qe8 10.dxe5 h6 11.Bh4 dxe5 12.Nd2 Bf6 13.Bg3 h5 14.a3 c6 15.b4 Qe7
16.h3 Nh6 17.c5 Nc7 18.Nc4 Rd8 19.Qc1 Bg5 20.f4 exf4 21.Bxf4 Ne6 22.Bxg5 Qxg5
23.Qxg5 Nxg5 24.Rad1 Be6 25.Na5 Rab8 26.Rxd8+ Rxd8 27.h4 Nh7 28.Nxb7 Rd2
29.Rc1 g5 30.Na5 gxh4 31.Nxc6 Ng4 32.b5 Nhf6 33.b6 axb6 34.cxb6 Nd7 35.b7 Rb2
36.Rb1 Rc2 37.Rd1 Ngf6 38.e5 Rxc3 39.exf6 Rxc6 40.Rxd7  1-0

[Event "Groningen op"]
[Site "Groningen"]
[Date "1995.??.??"]
[Round "?"]
[White "Gyimesi, Zoltan"]
[Black "Poldauf, Dirk"]
[Result "1-0"]
[WhiteElo "2525"]
[BlackElo "2415"]

1.d4 Nf6 2.c4 g6 3.Nc3 Bg7 4.e4 d6 5.Nf3 O-O 6.Be2 e5 7.O-O Na6 8.Re1 c6
9.Bf1 Bg4 10.Be3 Nh5 11.Be2 Nf4 12.Bxf4 exf4 13.Nd2 Bd7 14.Nb3 Qg5 15.Qd2 h6
16.Rad1 Rad8 17.Bf3 c5 18.e5 cxd4 19.Ne4 Qxe5 20.Nec5 Nxc5 21.Rxe5 Nxb3 22.axb3 dxe5
23.Bxb7 Rb8 24.Bd5 Rxb3 25.Qc2 Rb4 26.Qxg6 Rxb2 27.g3 Ba4 28.Rc1 Kh8 29.Qf5 Rd8
30.Be4 Kg8 31.c5 Bd7 32.Qh5 fxg3 33.hxg3 Be6 34.c6 d3 35.Qh4 Rc8 36.Bxd3 Rb6
37.c7 Rd6 38.Be2 Rd4 39.Qh1 Bd5 40.Qh5 Be6 41.Ba6  1-0